000 01151nam a2200337 i 4500
001 bg
003 KOSZ 005
005 20191212094223.0
008 070611s1994 pl |000 0 pol
015 _aPB 2008/2209
020 _a8390221101
035 _a(OCoLC)749676445
040 _aWA N
_cKOSZ 005/HR
_dKOSZ 005/HR
041 1 _apol
_hfre
080 _a001.32".../17"
080 _a929-052".../17"
100 1 _aBarni, Jules Romain
_d(1818-1878).
_eAutor
245 1 0 _aMęczennicy myśli /
_cJules Romain Barni ; [tł. K. L. (Feliks Jezierski pseud. Karol Lewald)].
246 1 _iTyt. oryg.:
_aMartyrs de la libre pensée,
_f1962.
260 _aKoszalin :
_bWydawnictwo Nitrotest,
_c[1994].
300 _a206, [1] s. ;
_c21 cm.
380 _aKsiążki.
650 4 _aNauka
_xbiografie
_ydo 18 w.
658 _aFilozofia i etyka
658 _aHistoria
658 _aNauka i badania
655 4 _aSłownik biograficzny
700 1 _aJezierski, Feliks
_d(1817-1901).
_eTłumaczenie
856 _uhttp://koha.tu.koszalin.pl/cgi-bin/koha/opac-detail.pl?biblionumber=35972
_yKatalog online BPK
942 _2UKD
_cKS
999 _c35972
_d35972